Państwa z największą liczbą milionerów - Statystyki

Ogólne statystyki
  • Ten quiz został rozwiązany 10 044 razy
    9 885 od ostatniego zresetowania
  • Średni wynik to 16 z 20
Statystyki odpowiedzi
Milionerzy Państwo % Poprawnych
23,8 mln Stany Zjednoczone
100%
6,97 mln Chiny
97%
426 tys. Rosja
96%
2,68 mln Niemcy
94%
2,62 mln Wielka Brytania
94%
2,10 mln Kanada
92%
2,90 mln Francja
90%
1,20 mln Szwajcaria
90%
2,73 mln Japonia
88%
1,34 mln Włochy
86%
759 tys. Tajwan
83%
1,90 mln Australia
80%
490 tys. Belgia
75%
1,27 mln Holandia
74%
1,30 mln Korea Południowa
74%
1,20 mln Hiszpania
67%
589 tys. Szwecja
63%
433 tys. Brazylia
60%
399 tys. Meksyk
54%
917 tys. Indie
37%
Nie znaleziono quizów pasujących do podanych kryteriów
Rozkład punktacji
Procent ludzi z każdym wynikiem
Percentyl według liczby udzielonych odpowiedzi
Twoja historia wyników
Nie rozwiązałeś tego quizu od ostatniego zresetowania